Detalles MARC
| 000 -LIDER |
| fixed length control field |
01077nam a2200325 4500 |
| 001 - NÚMERO DE CONTROL |
| Identificador de número de control |
001503983 |
| 003 - IDENTIFICACDOR DE NÚMERO DE CONTROL |
| control field |
DO-SdBNP |
| 005 - DATE AND TIME OF LATEST TRANSACTION |
| control field |
20180131132949.0 |
| 007 - CAMPOS FIJOS DE DESCRIPCIÓN FÍSICA |
| fixed length control field |
001503983 |
| 008 - ELEMENTOS DE LONGITUD FIJA |
| fixed length control field |
000406s1999 sp | ||| ||spa |
| 016 7# - NO. DE CONTROL DE LA AGENCIA BIB. NACIONAL |
| Record control number |
|
| Source |
BPMSU |
| 017 ## - NÚMERO DE REGISTRO DE DERECHOS DE AUTOR |
| Assigning agency |
|
| 020 ## - ISBN |
| International Standard Book Number |
8431649852 |
| 035 ## - NÚMERO LOCAL |
| System control number |
|
| 040 ## - FUENTE DE CATALOGACIÓN |
| Agencia que crea de manera original el registro |
BPMSU |
| Idioma de catalogación |
spa |
| Agencia que realiza la transcripción |
BPMSU |
| Convenciones de la despripción |
|
| 041 1# - CÓDIGOS DE OBRAS TRADUCIDAS O EN VARIOS IDIOMAS |
| Código del idioma del texto/archivo de sonido o separata |
spa |
| Cód. del idioma original y/o traducciones intermedias del texto |
|
| 080 #0 - NÚMERO DE CLASIFICACIÓN DECIMAL UNIVERSAL |
| Universal Decimal Classification number |
|
| 245 14 - MENCIÓN DE TITULO |
| Título |
Las mil y una noches / |
| Medio (Designación general de material) |
|
| Mención de responsabilidad |
selección de Brian Alderson ; notas y propuestas de trabajo, Agustín Sánchez Aguilar ; traducción José Luis López Muñoz, Javier de la Iglesia ; ilustración, Michael Foreman |
| 250 ## - MENCIÓN DE EDICION |
| Mención de edición |
|
| 260 ## - PUBLICACIÓN, DISTRIBUCIÓN, ETC. (PIE DE IMPRENTA) |
| Lugar de publicación, distribución, etc |
Barcelona : |
| Nombre del editor, distribuidor, etc. |
Vicens Vives |
| Fecha de publicación, distribución, etc |
1999 |
| 300 ## - DESCRIPCIÓN FÍSICA |
| Extensión |
XXX, 210, 15 p. ; |
| Otros detalles físicos |
il. : |
| Dimensiones |
20 cm. |
| Material complementario |
1 guía didáctica (31 p.) |
| 490 1# - MENCIÓN DE SERIES |
| Mención de serie |
Aula de literatura Vicens Vives |
| Volume/sequential designation |
30 |
| 700 1# - ASIENTO SECUNDARIO -- NOMBRE PERSONAL |
| Nombre personal |
Alderson, Brian |
| 700 1# - ASIENTO SECUNDARIO -- NOMBRE PERSONAL |
| Nombre personal |
López Muñoz, José Luis |
| 700 1# - ASIENTO SECUNDARIO -- NOMBRE PERSONAL |
| Nombre personal |
Iglesia, Javier de la |
| 830 #0 - ASIENTO SECUNDARIO DE SERIE--TÍTULO UNIFORME |
| Título uniforme |
Aula de literatura Vicens-Vives |
| Volume number/sequential designation |
30 |
| 942 ## - ADDED ENTRY ELEMENTS (KOHA) |
| Source of classification or shelving scheme |
Dewey Decimal Classification |
| Koha item type |
Libros |
| 945 ## - INFORMACIÓN DE PROCESAMIENTO LOCAL |
| Información de procesamiento local |
Inventariado extranjero / 2017 VM |
| 956 ## - LOCAL ELECTRONIC LOCATION AND ACCESS (OCLC) |
| Nombre de host |
VMATEO |
| Método de acceso |
10 |
| Materiales especificados |
20151208 |
| Enlace |
BPMSU |
| Campo enlazado y núm. de secuencia |
00151 |